| 000 | 01608pab a2200193 454500 | ||
|---|---|---|---|
| 008 | 180718b2008 xxu||||| |||| 00| 0 eng d | ||
| 100 | _aSastry, T.S.N. | ||
| 245 | _aPublic private partnerships vis-a-vis the development of villages through panchayati raj | ||
| 260 | _c2008 | ||
| 300 | _ap.662-671. | ||
| 362 | _aJul-Sep | ||
| 520 | _aIn the era of globalisation and liberalisation, almost all the countries on the globe would like to utilise their resources in a more meaningful manner especially to cater to the essential basic needs of social security of their citizenry. Countries all over the world without exception are giving top priority to the PPPs in order to garner the support of the private entrepreneurs' strengths with the concept of good governance and to cope up with the external and internal economic pressures. In that direction, India is no exception and the government has initiated many steps to develop the communications, infrastructural facilities such as highways, hospitals, education, communications, etc. But all these efforts are mainly concentrated to develop the cities at the cost of neglecting the villages. Villages being the vital organs of the Indian society in many ways and means, this article attempts to study how important is the PPP relationship in developing the villages and strengthening the sustainability of developing this large sector in the longer run. - Reproduced. | ||
| 650 | _aRural areas | ||
| 650 | _aPanchayat | ||
| 650 | _aPublic private partnership | ||
| 773 | _aIndian Journal of Public Administration | ||
| 908 | _aN | ||
| 909 | _a79881 | ||
| 999 |
_c79881 _d79881 |
||